College Football Attendance 2025 - Statistics

General Stats
  • This quiz has been taken 6 times
  • The average score is 81 of 99
Answer Stats
Attendance College Conference % Correct
100,077 Alabama SEC
100%
41,782 Arizona Big 12
100%
54,444 Arizona State Big 12
100%
69,762 Arkansas SEC
100%
88,043 Auburn SEC
100%
41,090 Boston College ACC
100%
63,789 BYU Big 12
100%
79,142 Clemson ACC
100%
50,469 Colorado Big 12
100%
24,283 Duke ACC
100%
90,125 Florida SEC
100%
93,033 Georgia SEC
100%
47,694 Georgia Tech ACC
100%
32,215 Houston Big 12
100%
58,350 Illinois Big Ten
100%
51,184 Indiana Big Ten
100%
69,250 Iowa Big Ten
100%
60,862 Iowa State Big 12
100%
57,779 Kentucky SEC
100%
50,292 Louisville ACC
100%
101,575 LSU SEC
100%
25,298 Marshall Sun Belt
100%
40,765 Maryland Big Ten
100%
30,097 Memphis AAC
100%
63,834 Miami ACC
100%
110,842 Michigan Big Ten
100%
70,389 Michigan State Big Ten
100%
46,519 Minnesota Big Ten
100%
53,186 Mississippi State SEC
100%
57,321 Missouri SEC
100%
86,549 Nebraska Big Ten
100%
50,500 North Carolina ACC
100%
11,548 Northwestern Big Ten
100%
77,622 Notre Dame Independent
100%
104,105 Ohio St Big Ten
100%
83,532 Oklahoma SEC
100%
44,664 Oklahoma State Big 12
100%
58,582 Oregon Big Ten
100%
30,145 Oregon State Pac-12
100%
107,093 Penn St Big Ten
100%
79,334 South Carolina SEC
100%
28,171 Stanford ACC
100%
101,915 Tennessee SEC
100%
102,367 Texas SEC
100%
106,159 Texas A&M SEC
100%
60,143 Texas Tech Big 12
100%
37,282 UCLA Big Ten
100%
30,444 UConn Independent
100%
67,783 USC Big Ten
100%
51,701 Utah Big 12
100%
34,813 Vanderbilt SEC
100%
48,776 Virginia ACC
100%
59,946 Virginia Tech ACC
100%
29,433 Wake Forest ACC
100%
68,238 Washington Big Ten
100%
26,527 Washington State Pac-12
100%
54,506 West Virginia Big 12
100%
70,403 Wisconsin Big Ten
100%
39,447 Baylor Big 12
75%
34,991 California ACC
75%
36,052 Cincinnati Big 12
75%
65,876 Florida State ACC
75%
39,478 Kansas Big 12
75%
51,773 Kansas State Big 12
75%
31,960 Navy AAC
75%
56,919 NC State ACC
75%
18,583 Old Dominion Sun Belt
75%
51,845 Pittsburgh ACC
75%
56,581 Purdue Big Ten
75%
48,459 Rutgers Big Ten
75%
33,530 SMU ACC
75%
38,605 Syracuse ACC
75%
43,319 TCU Big 12
75%
17,566 Temple AAC
75%
16,964 Arkansas State Sun Belt
50%
18,352 Coastal Carolina Sun Belt
50%
17,667 Florida Atlantic AAC
50%
22,541 Georgia Southern Sun Belt
50%
15,500 Georgia State Sun Belt
50%
25,135 James Madison Sun Belt
50%
24,493 North Texas AAC
50%
66,772 Ole Miss SEC
50%
23,423 Rice AAC
50%
17,273 South Alabama Sun Belt
50%
27,912 Southern Miss Sun Belt
50%
33,194 South Florida AAC
50%
18,565 Texas State Sun Belt
50%
24,053 Troy Sun Belt
50%
24,068 Tulane AAC
50%
16,369 Tulsa AAC
50%
19,702 UAB AAC
50%
43,409 UCF Big 12
50%
8,789 UMass Independent
50%
24,361 UTSA AAC
50%
31,813 App State Sun Belt
25%
13,564 Charlotte AAC
25%
19,982 Louisiana Sun Belt
25%
17,486 Louisiana–Monroe Sun Belt
25%
37,097 ECU AAC
0%
No matching quizzes found
Score Distribution
Percent of People with Each Score
Percentile by Number Answered
Your Score History
You have not taken this quiz